Kỹ thuật phay

Đã lưu trong:
Sonraí Bibleagrafaíochta
Príomhúdar: Barơbasôp Ph. A
Formáid: Sách
Teanga:Undetermined
Foilsithe: Thanh Niên 1999
Ábhair:
Clibeanna: Cuir Clib Leis
Gan Chlibeanna, Bí ar an gcéad duine leis an taifead seo a chlibeáil!
Thư viện lưu trữ: Trung tâm Thư viện - Trường Đại học Công nghiệp TP. Hồ Chí Minh
LEADER 00453nam a2200157Ia 4500
001 UIH_00439
008 230809s9999 xx 000 0 und d
082 |a 671.35 
100 |a Barơbasôp Ph. A 
245 0 |a Kỹ thuật phay 
245 0 |c Barơbasôp Ph. A 
260 |b Thanh Niên 
260 |c 1999 
650 |a Kỹ thuật phay; 
927 |a Sách 
980 |a Trung tâm Thư viện - Trường Đại học Công nghiệp TP. Hồ Chí Minh